| 000 | 00587nam a2200217Ia 4500 | ||
|---|---|---|---|
| 008 | 230125s9999 xx 000 0 und d | ||
| 020 | _a0-7069-9905-3 | ||
| 041 | _aeng | ||
| 082 |
_a658.3151 _bDAV |
||
| 100 |
_aDavar R S _9108783 |
||
| 245 | _aPersonnel management and industrial relations | ||
| 250 | _a10th ed | ||
| 260 |
_c1996 _bVikas Publishing _aNew Delhi |
||
| 300 | _a422p | ||
| 500 | _aIndustrial relations,PM/IR | ||
| 500 | _aIndustrial relation | ||
| 650 |
_aPersonal Management _9106563 |
||
| 700 |
_aDavar R S _9108783 |
||
| 906 | _b16 | ||
| 999 |
_c89002 _d89002 |
||